[Event "Stuttgarter Stadtmeisterschaft B"]
[Site "Ditzingen"]
[Date "2015.05.16"]
[Round "6.48"]
[White "Khamenya, Vitalia"]
[Black "Grünwald, Max"]
[Result "1-0"]
[WhiteElo "1570"]
[BlackElo "1560"]
[PlyCount "113"]
[EventDate "2015.??.??"]
[WhiteTeam "SK Gräfelfing"]
[BlackTeam "SV Jedesheim"]

1. e4 d6 2. d4 e5 3. dxe5 dxe5 4. Qxd8+ Kxd8 5. Nf3 Nc6 6. Nc3 Bb4 7. Bd2 Nf6
8. O-O-O Ke7 9. Bd3 Be6 10. a3 Bc5 11. Rhf1 Ng4 12. Be1 Nd4 13. h3 Nxf3 14.
hxg4 Nh2 15. Rh1 Nxg4 16. Rd2 c6 17. Na4 Bb6 18. Nxb6 axb6 19. f3 Nf6 20. Bf2
Nd7 21. Rhd1 b5 22. Kb1 Ra5 23. Be1 Rha8 24. g4 c5 25. Bf2 b4 26. Bc4 Nf8 27.
Bxe6 fxe6 28. Bh4+ Kf7 29. Rd8 bxa3 30. Rxa8 Rxa8 31. b3 b5 32. Ka2 b4 33. Rd6
Rc8 34. Bf2 g5 35. Be1 Ng6 36. c3 Rb8 37. Rc6 Rb5 38. c4 Ra5 39. Bf2 Nh4 40.
Bxc5 Nxf3 41. Bxb4 Ra7 42. Bc5 Ra8 43. Rc7+ Kg6 44. Re7 Ra6 45. Ra7 Rc6 46.
Bxa3 Nh2 47. c5 Nxg4 48. b4 Nf6 49. b5 Rc8 50. b6 g4 51. b7 Rb8 52. c6 Rxb7 53.
cxb7 Nd7 54. Ra8 Kh5 55. Rd8 g3 56. Rxd7 g2 57. Bc5 1-0

[Event "Stuttgarter Stadtmeisterschaft B"]
[Site "Ditzingen"]
[Date "2015.05.16"]
[Round "6.49"]
[White "Schreiber, Winfried"]
[Black "Stegmiller, Dennis"]
[Result "0-1"]
[WhiteElo "1563"]
[BlackElo "1349"]
[PlyCount "96"]
[EventDate "2015.??.??"]
[BlackTeam "TSF Ditzingen"]

1. c4 Nf6 2. Nc3 g6 3. g3 Bg7 4. Bg2 O-O 5. Nf3 d6 6. O-O c5 7. b3 Nc6 8. Bb2
Ne8 9. Rb1 Rb8 10. a3 a6 11. Nd5 Bxb2 12. Rxb2 Nc7 13. Nxc7 Qxc7 14. d3 Qa5 15.
Ra2 b5 16. Qc2 Bg4 17. Rfa1 Bxf3 18. Bxf3 Nd4 19. Qd1 bxc4 20. b4 cxb4 21. axb4
Qxb4 22. Ra4 Qb3 23. Rxc4 Qxd1+ 24. Rxd1 Nxf3+ 25. exf3 Rfc8 26. Rxc8+ Rxc8 27.
Kf1 Rc5 28. Ra1 a5 29. Ke2 Kg7 30. f4 Kf6 31. Ra4 Ke6 32. Ke3 Kd7 33. f3 Kc6
34. Rc4 Rxc4 35. dxc4 a4 36. Kd3 a3 37. Kc3 a2 38. Kb2 a1=Q+ 39. Kxa1 Kc5 40.
Kb2 Kxc4 41. Kc2 Kd4 42. Kd2 d5 43. g4 e6 44. h4 e5 45. fxe5 Kxe5 46. Kd3 Kf4
47. Kd4 Kxf3 48. g5 Kg4 0-1

[Event "Stuttgarter Stadtmeisterschaft B"]
[Site "Ditzingen"]
[Date "2015.05.16"]
[Round "6.50"]
[White "Funk, Christian"]
[Black "Weber, Yannik"]
[Result "1-0"]
[WhiteElo "1450"]
[BlackElo "1545"]
[PlyCount "67"]
[EventDate "2015.??.??"]
[WhiteTeam "Ssg Fils-Lauter e. V."]
[BlackTeam "SC Neckarsulm"]

1. d4 d5 2. c4 e6 3. Nc3 Bb4 4. Nf3 b6 5. Bg5 f6 6. Bh4 h5 7. Qa4+ c6 8. Qxb4
g5 9. Bg3 Na6 10. Qd6 Qxd6 11. Bxd6 dxc4 12. e3 b5 13. a3 Nh6 14. Be2 Nf7 15.
Bc5 Nxc5 16. dxc5 Nd8 17. Ne4 Ke7 18. O-O Nb7 19. Rad1 Bd7 20. Nxf6 Kxf6 21.
Rxd7 Nxc5 22. Rd6 Na4 23. Rxc6 Nxb2 24. Nd4 Rae8 25. Rb1 Na4 26. Rxb5 Nc3 27.
Rf5+ Kg6 28. Rxe6+ Kg7 29. Bxc4 Rc8 30. Rxg5+ Kf8 31. Rf5+ Kg7 32. Re7+ Kg6 33.
Bf7+ Kh6 34. h4 1-0

[Event "Stuttgarter Stadtmeisterschaft B"]
[Site "Ditzingen"]
[Date "2015.05.16"]
[Round "6.52"]
[White "Conrady, Philipp"]
[Black "Jünk, Stefan"]
[Result "1-0"]
[WhiteElo "1366"]
[BlackElo "1460"]
[PlyCount "43"]
[EventDate "2015.??.??"]
[WhiteTeam "SV Würzburg"]
[BlackTeam "SC Leinzell"]

1. Nf3 Nf6 2. d4 d5 3. Bg5 Nbd7 4. c4 Ne4 5. Bf4 dxc4 6. e3 b5 7. a4 c6 8. axb5
cxb5 9. Qc2 Nd6 10. Bxd6 exd6 11. Qe4+ Be7 12. Qxa8 a6 13. Qe4 Nf6 14. Qc2 Bb7
15. Be2 Ne4 16. Nc3 f5 17. O-O O-O 18. b3 d5 19. Ne5 Rf6 20. Ra2 cxb3 21. Qxb3
Nd2 22. Rxd2 1-0

[Event "Stuttgarter Stadtmeisterschaft B"]
[Site "Ditzingen"]
[Date "2015.05.16"]
[Round "6.53"]
[White "Ustaosman, Hasan"]
[Black "Hoch, Jannik"]
[Result "0-1"]
[WhiteElo "1145"]
[BlackElo "1325"]
[PlyCount "68"]
[EventDate "2015.??.??"]
[WhiteTeam "TSG Steinheim"]
[BlackTeam "SV Dettingen Erms"]

1. d4 c6 2. c4 d6 3. Nc3 Qc7 4. Bf4 Nf6 5. h3 Nbd7 6. e4 e5 7. dxe5 Nxe5 8. Bh2
Be6 9. b3 Rd8 10. f4 Qa5 11. Qc2 Nxe4 12. Nge2 Nxc3 13. Nxc3 Nd7 14. Bd3 Nc5
15. Rd1 Nxd3+ 16. Qxd3 Be7 17. O-O O-O 18. Rfe1 Bf5 19. Qxf5 Qxf5 20. Rxe7 Qc2
21. Re3 f5 22. Rde1 Qd2 23. R1e2 Qd4 24. Kh1 Qf6 25. Bg1 a6 26. Rd2 Rfe8 27.
Rg3 Re7 28. Bc5 Re1+ 29. Kh2 dxc5 30. Rf2 Qd4 31. Rgf3 Re3 32. Ne2 Rxf3 33.
Rxf3 Qd2 34. Rf2 Qe3 0-1

[Event "Stuttgarter Stadtmeisterschaft B"]
[Site "Ditzingen"]
[Date "2015.05.16"]
[Round "6.54"]
[White "Hirtreiter, Norbert"]
[Black "Kalwei, Reinhard"]
[Result "0-1"]
[WhiteElo "1531"]
[BlackElo "1510"]
[PlyCount "106"]
[EventDate "2015.??.??"]
[WhiteTeam "SK München Südost"]
[BlackTeam "SC Aidlingen"]

1. d4 d5 2. Bf4 Nf6 3. Nf3 Nc6 4. e3 e6 5. Bb5 Bd7 6. Nbd2 a6 7. Ba4 b5 8. Bb3
Na5 9. Ne5 Nxb3 10. Nxb3 Bd6 11. O-O O-O 12. Bg5 Be8 13. Ng4 Be7 14. Qf3 Nxg4
15. Bxe7 Qxe7 16. Qxg4 Bd7 17. Nc5 Bc8 18. Qf3 e5 19. Qxd5 Bf5 20. c3 Rfd8 21.
Qb3 exd4 22. cxd4 Rd6 23. Rfe1 Rg6 24. g3 Bh3 25. Rac1 Ra7 26. Qd5 Rg5 27. Qf3
Rf5 28. Qe2 Qe8 29. e4 Rg5 30. f4 Rg4 31. b4 Qd8 32. d5 Qf6 33. Qf3 Qd4+ 34.
Re3 Rg6 35. a3 a5 36. Rd1 Qf6 37. e5 Qf5 38. Ne4 Bg4 39. Qf1 Bxd1 40. Qxd1 Qxf4
41. Qe2 Qxe5 42. d6 Qa1+ 43. Kg2 cxd6 44. Nxd6 h6 45. Re8+ Kh7 46. Qf2 Rxd6 47.
Qxa7 Qa2+ 48. Kh3 axb4 49. Qb8 Rd5 50. Rh8+ Kg6 51. g4 Rd3+ 52. Kh4 Qf2+ 53.
Qg3 Rxg3 0-1

[Event "Stuttgarter Stadtmeisterschaft B"]
[Site "Ditzingen"]
[Date "2015.05.16"]
[Round "6.55"]
[White "Steinhart, Matthias"]
[Black "Bender, Jonas"]
[Result "1/2-1/2"]
[WhiteElo "1768"]
[BlackElo "1814"]
[PlyCount "78"]
[EventDate "2015.??.??"]
[WhiteTeam "SF Freiberg"]
[BlackTeam "SV Stuttgart-Wolfbusch"]

1. e4 c5 2. Nf3 g6 3. d4 cxd4 4. Nxd4 Bg7 5. Nc3 Nc6 6. Be3 Nf6 7. Nxc6 bxc6 8.
e5 Ng8 9. Bd4 Nh6 10. e6 O-O 11. Bxg7 Kxg7 12. exd7 Bxd7 13. Qd4+ f6 14. O-O-O
Be6 15. Qe4 Qc8 16. Re1 Kf7 17. Bc4 Bxc4 18. Qxc4+ e6 19. Ne4 Rd8 20. Nc5 Rd6
21. Qf4 Nf5 22. g4 Rd4 23. Ne4 Qd8 24. c3 e5 25. Qf3 Rd3 26. Qe2 Ng7 27. Rd1
Rd5 28. Qc4 Rc8 29. Rd2 Ne6 30. Rhd1 Nf4 31. Ng3 Kg7 32. Nf1 Qa5 33. Rxd5 Nxd5
34. Nd2 Nb6 35. Qe6 Qd5 36. Qe7+ Qf7 37. Qxf7+ Kxf7 38. Ne4 Ke7 39. Nc5 Rc7
1/2-1/2

[Event "Stuttgarter Stadtmeisterschaft B"]
[Site "Ditzingen"]
[Date "2015.05.16"]
[Round "6.56"]
[White "Ziegler, Michael"]
[Black "Pibernik, Dario"]
[Result "0-1"]
[WhiteElo "1692"]
[BlackElo "1525"]
[PlyCount "59"]
[EventDate "2015.??.??"]
[WhiteTeam "SF Kornwestheim"]
[BlackTeam "SV Schorndorf"]

1. e4 c5 2. Nf3 Nc6 3. d4 cxd4 4. Nxd4 e5 5. Nxc6 bxc6 6. Nc3 a5 7. Bc4 Nf6 8.
Qe2 Be7 9. O-O O-O 10. Kh1 d5 11. exd5 cxd5 12. Bb5 d4 13. Rd1 Qc7 14. Na4 Bb7
15. Bg5 Nd5 16. Bxe7 Nf4 17. Qc4 Bxg2+ 18. Kg1 Qxe7 19. Qb3 Rab8 20. c4 Qg5 21.
Qg3 Ne2+ 22. Kxg2 Nxg3 23. hxg3 f5 24. -- {Zug fehlt} f4 25. Bc6 Rbd8 26. Rh1
Rd6 27. Be4 Rh6 28. Rxh6 Qxh6 29. c5 fxg3 30. fxg3 {Rest unklar (33.)} 0-1

[Event "Stuttgarter Stadtmeisterschaft B"]
[Site "Ditzingen"]
[Date "2015.05.17"]
[Round "7.1"]
[White "Lehmann, Stefan"]
[Black "Jäger, Hans-Ulrich"]
[Result "1-0"]
[WhiteElo "1864"]
[BlackElo "1838"]
[PlyCount "41"]
[EventDate "2015.??.??"]
[WhiteTeam "Ssg Fils-Lauter e. V."]
[BlackTeam "SC Sillenbuch"]

1. e4 g6 2. Nc3 Bg7 3. f4 d6 4. Nf3 Nd7 5. Bc4 e5 6. d3 Ngf6 7. O-O c6 8. Qe1
O-O 9. Qh4 b5 10. Bb3 b4 11. Ne2 Qe7 12. f5 d5 13. fxg6 fxg6 14. Ng5 h6 15. Nf3
Kh7 16. Bd2 a5 17. a3 Ba6 18. axb4 axb4 19. exd5 Qc5+ 20. Kh1 e4 21. Ng5+ 1-0

[Event "Stuttgarter Stadtmeisterschaft B"]
[Site "Ditzingen"]
[Date "2015.05.17"]
[Round "7.2"]
[White "Jenner, Erik"]
[Black "Wezel, Sebastian"]
[Result "0-1"]
[WhiteElo "1760"]
[BlackElo "1866"]
[PlyCount "34"]
[EventDate "2015.??.??"]
[WhiteTeam "SV Schorndorf"]
[BlackTeam "SV Dettingen Erms"]

1. d4 Nf6 2. c4 g6 3. Nf3 Bg7 4. g3 O-O 5. Bg2 d6 6. O-O Nc6 7. Nc3 a6 8. a3
Nd7 9. e4 Na5 10. b3 c5 11. Be3 Rb8 12. Qc2 b5 13. Ne2 bxc4 14. bxc4 Nb6 15.
Nd2 Be6 16. Rad1 Nbxc4 17. Nxc4 Bxc4 0-1

[Event "Stuttgarter Stadtmeisterschaft B"]
[Site "Ditzingen"]
[Date "2015.05.17"]
[Round "7.3"]
[White "Kleih, Julian"]
[Black "Jantos, Stefan"]
[Result "1/2-1/2"]
[WhiteElo "1823"]
[BlackElo "1825"]
[PlyCount "57"]
[EventDate "2015.??.??"]
[WhiteTeam "SV Dettingen Erms"]
[BlackTeam "SF Oeffingen"]

1. d4 Nf6 2. c4 e6 3. g3 d5 4. Nf3 Bb4+ 5. Bd2 Bxd2+ 6. Qxd2 O-O 7. Bg2 Ne4 8.
Qc2 c6 9. O-O Nd7 10. Rd1 f5 11. Nbd2 Qf6 12. e3 g5 13. Ne1 h5 14. Nd3 Kg7 15.
Rab1 h4 16. b4 hxg3 17. hxg3 Qh6 18. b5 cxb5 19. Rxb5 Nxd2 20. Rxd2 dxc4 21.
Qxc4 Nb6 22. Qc7+ Rf7 23. Qe5+ Qf6 24. Rc2 Bd7 25. Rb4 Rc8 26. Rc5 Bc6 27.
Qxf6+ Kxf6 28. Ne5 Rfc7 29. Bxc6 1/2-1/2

[Event "Stuttgarter Stadtmeisterschaft B"]
[Site "Ditzingen"]
[Date "2015.05.17"]
[Round "7.4"]
[White "Bender, Jonas"]
[Black "Lüdke, Joshua"]
[Result "0-1"]
[WhiteElo "1814"]
[BlackElo "1823"]
[PlyCount "96"]
[EventDate "2015.??.??"]
[WhiteTeam "SV Stuttgart-Wolfbusch"]
[BlackTeam "SV Marbach"]

1. f4 d5 2. Nf3 g6 3. e3 Bg7 4. d4 c5 5. dxc5 Nc6 6. Be2 Qa5+ 7. Bd2 Qxc5 8.
Nc3 Nf6 9. Nb5 O-O 10. Nbd4 Ne4 11. c3 f6 12. f5 gxf5 13. Nh4 Nxd4 14. exd4 Qc7
15. O-O e6 16. Be3 Bd7 17. Qb3 b5 18. a3 Kh8 19. Rac1 Rg8 20. Bf4 Qb6 21. Kh1
Bf8 22. Rf3 Bd6 23. Be3 Rg7 24. Rcf1 Qc7 25. Bh6 Rgg8 26. Rh3 Bxh2 27. Bh5 Ng3+
28. Kxh2 Nxh5+ 29. Kg1 Rg3 30. Rf3 Rag8 31. Kf2 Rxf3+ 32. gxf3 Nf4 33. Rh1 a5
34. Qc2 Ng6 35. Ng2 e5 36. Ne3 Ne7 37. Qd2 f4 38. Nf1 Be6 39. Qd3 Qc4 40. Qc2
Bf5 41. Qd2 Qd3 42. Bxf4 exf4 43. Qxf4 Qc2+ 44. Nd2 Ng6 45. Qh6 Rg7 46. Qe3 Re7
47. Qh6 Qd3 48. Rh2 Re2+ 0-1

[Event "Stuttgarter Stadtmeisterschaft B"]
[Site "Ditzingen"]
[Date "2015.05.17"]
[Round "7.5"]
[White "Meusel, Rolf"]
[Black "Brunner, Jan"]
[Result "1-0"]
[WhiteElo "1884"]
[BlackElo "1773"]
[PlyCount "77"]
[EventDate "2015.??.??"]
[WhiteTeam "SK Handschuhsheim"]
[BlackTeam "SpVgg Rommelshausen"]

1. e4 c5 2. Nf3 d6 3. d4 cxd4 4. Nxd4 Nf6 5. Nc3 a6 6. Be2 e6 7. Be3 Be7 8. O-O
O-O 9. f4 Nc6 10. Bf3 Qc7 11. Nce2 Bd7 12. Rc1 Rac8 13. c4 Rfd8 14. Qd3 Be8 15.
a3 Na5 16. Rc3 b6 17. Rfc1 Nd7 18. b4 Nb7 19. R3c2 Nf8 20. Qb3 Ng6 21. g3 Bd7
22. Kg2 Kh8 23. h4 Kg8 24. h5 Nf8 25. Rh1 a5 26. Rhc1 a4 27. Qd3 Re8 28. Nb5
Qd8 29. e5 Bxb5 30. cxb5 Rxc2 31. Qxc2 d5 32. Qc7 Qb8 33. Bxb6 Qa8 34. Nd4 Bd8
35. Qc6 Bxb6 36. Qxb6 Rc8 37. Rc7 Rxc7 38. Qxc7 h6 39. b6 1-0

[Event "Stuttgarter Stadtmeisterschaft B"]
[Site "Ditzingen"]
[Date "2015.05.17"]
[Round "7.6"]
[White "Baars, Mario"]
[Black "Götze, Peter"]
[Result "1-0"]
[WhiteElo "1771"]
[BlackElo "1862"]
[PlyCount "69"]
[EventDate "2015.??.??"]
[WhiteTeam "SG Schwäbisch Gmünd 1872 e.V"]
[BlackTeam "SV Besigheim"]

1. e4 d6 2. d4 Nf6 3. Nc3 c6 4. f4 Qa5 5. Nf3 Nxe4 6. Bd2 Nxd2 7. Nxd2 g6 8.
Bd3 Bg7 9. Nb3 Qc7 10. Qd2 a5 11. a4 Na6 12. O-O O-O 13. f5 Nb4 14. fxg6 hxg6
15. Be2 Bf5 16. Rac1 Rad8 17. g4 Bc8 18. Ne4 b6 19. c3 Nd5 20. Rf2 Nf6 21.
Nxf6+ Bxf6 22. Rcf1 Bg7 23. c4 e5 24. d5 c5 25. h4 Bd7 26. Ra1 Qc8 27. Rg2 f5
28. Qg5 Rf6 29. h5 Kf7 30. gxf5 Bxf5 31. Rf1 Rh8 32. hxg6+ Kg8 33. Bg4 Bh6 34.
Qxf6 Be3+ 35. Rff2 1-0

[Event "Stuttgarter Stadtmeisterschaft B"]
[Site "Ditzingen"]
[Date "2015.05.17"]
[Round "7.7"]
[White "Kaufhold, Stephan"]
[Black "Tönjes, Jürgen"]
[Result "1/2-1/2"]
[WhiteElo "1768"]
[BlackElo "1838"]
[PlyCount "33"]
[EventDate "2015.??.??"]
[WhiteTeam "SV Leonberg 1978 eV"]
[BlackTeam "SF Lilienthal"]

1. d4 d6 2. e4 e5 3. d5 f5 4. Nc3 Nf6 5. exf5 Bxf5 6. Nf3 Be7 7. h3 O-O 8. Be2
c6 9. O-O Kh8 10. Be3 c5 11. Nd2 Nbd7 12. f4 exf4 13. Bxf4 Bg6 14. Bf3 a6 15.
a4 Qc7 16. Re1 Rfe8 17. Nc4 1/2-1/2

[Event "Stuttgarter Stadtmeisterschaft B"]
[Site "Ditzingen"]
[Date "2015.05.17"]
[Round "7.8"]
[White "Strauss, Martin"]
[Black "Rühl, Volker"]
[Result "1/2-1/2"]
[WhiteElo "1758"]
[BlackElo "1830"]
[PlyCount "125"]
[EventDate "2015.??.??"]
[WhiteTeam "SC Sillenbuch"]
[BlackTeam "VfL Sindelfingen"]

1. e4 d5 2. exd5 Nf6 3. Bb5+ Bd7 4. Bc4 Bg4 5. Nf3 Nxd5 6. Nc3 c6 7. d4 e6 8.
Bd2 Be7 9. Nxd5 exd5 10. Bd3 Nd7 11. h3 Be6 12. c3 O-O 13. O-O Re8 14. Qc2 Nf8
15. Rfe1 h6 16. Ne5 Qc7 17. Re3 Bg5 18. Rg3 f6 19. Bxg5 hxg5 20. Ng4 Re7 21.
Nh2 Bf7 22. Nf3 Bh5 23. Kf1 Ne6 24. Re1 Nf4 25. Rxe7 Qxe7 26. Nh2 Re8 27. Re3
Qf7 28. Rxe8+ Qxe8 29. Ng4 Nxd3 30. Qxd3 Bg6 31. Qe3 Qe4 32. Qxe4 Bxe4 33. f3
Bd3+ 34. Kf2 Kf7 35. Ke3 Bf1 36. Kf2 Bc4 37. b3 Bd3 38. Ke3 Bf1 39. Kf2 Bd3 40.
Ne3 Ke7 41. Ke1 Kd6 42. Kd2 Bg6 43. c4 b6 44. g3 dxc4 45. bxc4 Bf7 46. Nf5+ Kd7
47. Kc3 g6 48. Ne3 b5 49. cxb5 Bxa2 50. bxc6+ Kxc6 51. h4 gxh4 52. gxh4 Kd6 53.
f4 a5 54. Kb2 Bf7 55. Ka3 Be8 56. Kb3 Ke6 57. Kc4 Kd6 58. Ng4 Ke6 59. Ne3 Kd6
60. Kb3 Ke6 61. Kc4 Kd6 62. Ng4 Ke6 63. Ne3 1/2-1/2

[Event "Stuttgarter Stadtmeisterschaft B"]
[Site "Ditzingen"]
[Date "2015.05.17"]
[Round "7.9"]
[White "Fais, Sami"]
[Black "Gheng, Dominik"]
[Result "1/2-1/2"]
[WhiteElo "1817"]
[BlackElo "1771"]
[PlyCount "39"]
[EventDate "2015.??.??"]
[WhiteTeam "VfL Sindelfingen"]
[BlackTeam "Schach-Kids Bernhausen e.V."]

1. d4 d5 2. Nf3 Nf6 3. c4 e6 4. Nc3 Be7 5. Bg5 h6 6. Bh4 O-O 7. e3 b6 8. Bxf6
Bxf6 9. cxd5 exd5 10. g3 Bb7 11. Bg2 c5 12. O-O Na6 13. Qd2 Qd7 14. Rfd1 Rfd8
15. Rac1 Rac8 16. Qe1 Qe7 17. Rd2 Nc7 18. Rcd1 Rd6 19. Re2 Ba6 20. Red2 1/2-1/2

[Event "Stuttgarter Stadtmeisterschaft B"]
[Site "Ditzingen"]
[Date "2015.05.17"]
[Round "7.10"]
[White "Hartmann, Christian"]
[Black "Zimmermann, Tobias"]
[Result "1/2-1/2"]
[WhiteElo "1744"]
[BlackElo "1804"]
[PlyCount "43"]
[EventDate "2015.??.??"]
[WhiteTeam "SC Tarrasch München"]
[BlackTeam "SC Schachmatt Botnang"]

1. e4 c5 2. Nf3 d6 3. d4 cxd4 4. Nxd4 Nf6 5. Nc3 a6 6. f3 Qc7 7. Nb3 e6 8. Be3
Nbd7 9. a4 b6 10. Qd2 Bb7 11. Bf4 Rd8 12. Rd1 e5 13. Be3 Be7 14. Qf2 Rc8 15.
Bd3 Rd8 16. O-O O-O 17. Nc1 Nc5 18. Be2 d5 19. exd5 Nxd5 20. Nxd5 Bxd5 21. b3
Bb7 22. Nd3 1/2-1/2

[Event "Stuttgarter Stadtmeisterschaft B"]
[Site "Ditzingen"]
[Date "2015.05.17"]
[Round "7.11"]
[White "Bälz, Jürgen"]
[Black "Gorb, Eugeniusz"]
[Result "1-0"]
[WhiteElo "1802"]
[BlackElo "1725"]
[PlyCount "78"]
[EventDate "2015.??.??"]
[WhiteTeam "TSV Willsbach"]
[BlackTeam "SK Sachsenheim"]

1. Nf3 d5 2. d4 e6 3. c4 c5 4. cxd5 exd5 5. g3 c4 6. Bg2 Nf6 7. Nc3 Be7 8. O-O
O-O 9. Re1 Bb4 10. Bg5 Re8 11. Bxf6 gxf6 12. Nd2 Be6 13. e4 dxe4 14. Bxe4 Qxd4
15. Bxb7 Nd7 16. Bxa8 Rxa8 17. Qf3 Rd8 18. Rad1 Bg4 19. Re4 Bxf3 20. Rxd4 Bxd1
21. Nxd1 Bxd2 22. Rxd2 Kf8 23. Ne3 c3 24. bxc3 Ke8 25. Nd5 Rc8 26. Rd4 Rc5 27.
c4 Ra5 28. Rh4 Rxa2 29. Rxh7 f5 30. Rh8+ Nf8 31. Nc7+ Ke7 32. Nd5+ Ke8 33. h4
a5 34. h5 Re2 35. Ne3 Rb2 36. c5 a4 37. h6 a3 38. h7 a2 39. Rxf8+ Kd7 1-0

[Event "Stuttgarter Stadtmeisterschaft B"]
[Site "Ditzingen"]
[Date "2015.05.17"]
[Round "7.12"]
[White "Tölg, Wolfgang"]
[Black "Rieder, Josef"]
[Result "1/2-1/2"]
[WhiteElo "1720"]
[BlackElo "1800"]
[PlyCount "90"]
[EventDate "2015.??.??"]
[WhiteTeam "SF Oeffingen"]
[BlackTeam "Stuttgarter SF"]

1. e4 c5 2. Nf3 d6 3. d4 cxd4 4. Nxd4 Nf6 5. Nc3 g6 6. Bc4 Bg7 7. Be3 O-O 8.
O-O Nc6 9. f3 a6 10. Nxc6 bxc6 11. Qd2 Re8 12. Rad1 Qc7 13. Na4 Rb8 14. Bb3 Be6
15. c4 Red8 16. Rf2 Ne8 17. Qc2 Kh8 18. Rfd2 f5 19. c5 Bxb3 20. axb3 fxe4 21.
fxe4 Be5 22. cxd6 Rxd6 23. Nc5 Bxh2+ 24. Kh1 Rxd2 25. Rxd2 Qg3 26. Qc3+ Nf6 27.
Bd4 Qxc3 28. bxc3 Bf4 29. Ra2 e5 30. Bf2 Rd8 31. g3 Rd1+ 32. Kg2 Bd2 33. c4 a5
34. Kf3 Bb4 35. Ke2 Rb1 36. Kf3 h5 37. Nb7 Rxb3+ 38. Kg2 Nxe4 39. Ba7 Rxg3+ 40.
Kh2 Rc3 41. Nxa5 c5 42. Nc6 Rxc4 43. Nxe5 Rd4 44. Nxg6+ Kg7 45. Nf4 Nf6 1/2-1/2

[Event "Stuttgarter Stadtmeisterschaft B"]
[Site "Ditzingen"]
[Date "2015.05.17"]
[Round "7.13"]
[White "Michna, Marcus"]
[Black "Goda, Frederic"]
[Result "1/2-1/2"]
[WhiteElo "1798"]
[BlackElo "1705"]
[PlyCount "54"]
[EventDate "2015.??.??"]
[WhiteTeam "TSF Ditzingen"]
[BlackTeam "SC Weiße Dame Ulm"]

1. d4 Nf6 2. f3 c5 3. d5 d6 4. e4 e6 5. c4 exd5 6. cxd5 a6 7. a4 g6 8. Nc3 Bg7
9. Bd3 O-O 10. f4 Nbd7 11. Nf3 Qe7 12. O-O c4 13. Bc2 Nc5 14. e5 Nh5 15. Re1
Bg4 16. Qe2 Rac8 17. h3 Bxf3 18. Qxf3 Qh4 19. Bd2 Bh6 20. g4 dxe5 21. Rxe5 Bg7
22. gxh5 Bxe5 23. fxe5 Rfe8 24. Rf1 Qd4+ 25. Be3 Qxe5 26. Qxf7+ Kh8 27. Bxc5
Qg3+ 1/2-1/2

[Event "Stuttgarter Stadtmeisterschaft B"]
[Site "Ditzingen"]
[Date "2015.05.17"]
[Round "7.14"]
[White "Behm, Wilfried"]
[Black "Theuer, Tobias"]
[Result "1-0"]
[WhiteElo "1844"]
[BlackElo "1560"]
[PlyCount "85"]
[EventDate "2015.??.??"]
[WhiteTeam "SV Stuttgart-Wolfbusch"]
[BlackTeam "SG Schwäbisch Gmünd 1872 e.V"]

1. d4 d5 2. c4 e6 3. Nc3 Nf6 4. a3 h6 5. Nf3 c5 6. e3 Nc6 7. dxc5 Bxc5 8. b4
Bd6 9. c5 Bc7 10. Nb5 O-O 11. Bb2 Ne4 12. Bd3 a6 13. Nxc7 Qxc7 14. O-O Rd8 15.
Qc2 f5 16. Rad1 e5 17. Qc1 Nf6 18. Bc2 Qe7 19. Qa1 e4 20. Nd4 Nxd4 21. Rxd4 Be6
22. Rfd1 Qc7 23. h3 b6 24. Bb3 bxc5 25. bxc5 Qxc5 26. Rc1 Qd6 27. Rb4 Rab8 28.
Be5 Rxb4 29. Bxd6 Rxb3 30. Be7 Re8 31. Bxf6 gxf6 32. Qxf6 Rb7 33. Qg6+ Kf8 34.
Qxh6+ Kg8 35. Rc6 Rh7 36. Qf6 Rf7 37. Qe5 Bd7 38. Rg6+ Kf8 39. Qg3 a5 40. Rg8+
Ke7 41. Qe5+ Kd8 42. Rxe8+ Bxe8 43. Qxd5+ 1-0

[Event "Stuttgarter Stadtmeisterschaft B"]
[Site "Ditzingen"]
[Date "2015.05.17"]
[Round "7.15"]
[White "Paulsen, Jonathan"]
[Black "Paschmann, Stefan"]
[Result "0-1"]
[WhiteElo "1714"]
[BlackElo "1881"]
[PlyCount "49"]
[EventDate "2015.??.??"]
[WhiteTeam "SC Stetten a.d.F."]
[BlackTeam "Krefelder Schachklub Turm 1851 e"]

1. e4 c6 2. d4 d5 3. Nc3 dxe4 4. f3 exf3 5. Nxf3 Nf6 6. Bc4 Bf5 7. O-O e6 8.
Ne5 Bg6 9. g4 Be7 10. Be3 Nd5 11. Qf3 O-O 12. Nxg6 hxg6 13. Ne4 Nxe3 14. Qxe3
Nd7 15. g5 b5 16. Bb3 a5 17. a3 b4 18. a4 Qb6 19. Qd2 c5 20. dxc5 Nxc5 21. Nxc5
Qxc5+ 22. Kh1 Bxg5 23. Qe2 Bf6 24. Rad1 Rad8 25. Rxd8 0-1

[Event "Stuttgarter Stadtmeisterschaft B"]
[Site "Ditzingen"]
[Date "2015.05.17"]
[Round "7.16"]
[White "Florin, Jon"]
[Black "Reichardt, Bernd"]
[Result "1/2-1/2"]
[WhiteElo "1858"]
[BlackElo "1750"]
[PlyCount "133"]
[EventDate "2015.??.??"]
[BlackTeam "SF Markgräflerland"]

1. b3 e6 2. Bb2 d5 3. e3 Nf6 4. Nf3 c5 5. d4 Be7 6. Nbd2 Nc6 7. Bd3 Nb4 8. Be2
Bd7 9. a3 Nc6 10. O-O Rc8 11. Bd3 g6 12. dxc5 Bxc5 13. e4 d4 14. b4 Bb6 15. b5
Na5 16. Nxd4 O-O 17. N4f3 Bc5 18. Qe2 Nh5 19. g3 Qc7 20. a4 f6 21. e5 f5 22.
Ba3 Bxa3 23. Rxa3 Qc5 24. Raa1 b6 25. Rfe1 Rc7 26. Qe3 Qxe3 27. Rxe3 Rfc8 28.
Nd4 f4 29. Ree1 Rd8 30. Ne4 fxg3 31. hxg3 Bc8 32. Nd6 Ng7 33. Nf3 Bb7 34. Nd2
Ba8 35. N2e4 Nh5 36. Rac1 Bxe4 37. Nxe4 Nb7 38. Be2 Ng7 39. Nf6+ Kh8 40. Kg2
Ne8 41. Ne4 Rd4 42. Bg4 Nc5 43. Nxc5 Rxc5 44. Bxe6 Rxa4 45. c4 Nc7 46. Bd5 a6
47. bxa6 Rxa6 48. e6 Kg7 49. e7 Ne8 50. Re6 Ra7 51. Bc6 Kf7 52. Rce1 Rxc4 53.
Bxe8+ Kxe8 54. Rxb6 Rc8 55. Kh3 Kf7 56. Kg4 Re8 57. Rbe6 h6 58. Kf4 Rb7 59. g4
Rbxe7 60. Rxe7+ Rxe7 61. Rxe7+ Kxe7 62. Ke5 Kf7 63. f4 Ke7 64. f5 gxf5 65. Kxf5
Kf7 66. g5 hxg5 67. Kxg5 1/2-1/2

[Event "Stuttgarter Stadtmeisterschaft B"]
[Site "Ditzingen"]
[Date "2015.05.17"]
[Round "7.17"]
[White "Kusch, Jacek"]
[Black "Fuss, Thomas"]
[Result "0-1"]
[WhiteElo "1720"]
[BlackElo "1857"]
[PlyCount "60"]
[EventDate "2015.??.??"]
[WhiteTeam "SV Urach"]
[BlackTeam "SV Rottweil"]

1. e4 c5 2. Nf3 Nc6 3. d4 cxd4 4. Nxd4 Nf6 5. Nc3 e5 6. Nb3 Bb4 7. Bc4 Bxc3+ 8.
bxc3 Ne7 9. Qe2 O-O 10. O-O d6 11. Ba3 Qc7 12. Rad1 Rd8 13. Qd3 Ne8 14. Nc1 Bg4
15. f3 Be6 16. Bb3 Rac8 17. Ne2 Bc4 18. Qe3 Bxe2 19. Qxe2 Qxc3 20. Rd3 Qa5 21.
f4 Ng6 22. Rh3 Nxf4 23. Bxf7+ Kh8 24. Rxf4 exf4 25. Bb2 Qb6+ 26. Kh1 Nf6 27.
Qe1 Qxb2 28. Bg6 Rxc2 29. Bxh7 Rc1 30. Bg6+ Kg8 0-1

[Event "Stuttgarter Stadtmeisterschaft B"]
[Site "Ditzingen"]
[Date "2015.05.17"]
[Round "7.18"]
[White "Mayer, Dietmar"]
[Black "Häfele, Torsten"]
[Result "1-0"]
[WhiteElo "1730"]
[BlackElo "1855"]
[PlyCount "53"]
[EventDate "2015.??.??"]
[WhiteTeam "SC Böblingen"]
[BlackTeam "SF Illingen"]

1. d4 f5 2. Nf3 Nf6 3. c4 d6 4. Nc3 g6 5. e3 Bg7 6. Be2 O-O 7. O-O c6 8. b4 c5
9. b5 b6 10. Ng5 e5 11. Bf3 e4 12. Ngxe4 fxe4 13. Nxe4 Nxe4 14. Bxe4 Be6 15.
Bxa8 Bxc4 16. Re1 cxd4 17. exd4 Qf6 18. Be3 d5 19. a4 Na6 20. Bxd5+ Bxd5 21.
bxa6 Qh4 22. a5 Rf3 23. axb6 Bh6 24. Qxf3 Bxf3 25. gxf3 Bxe3 26. Rxe3 Qxd4 27.
b7 1-0

[Event "Stuttgarter Stadtmeisterschaft B"]
[Site "Ditzingen"]
[Date "2015.05.17"]
[Round "7.19"]
[White "Hahn, Martin"]
[Black "Gheng, Hannelore"]
[Result "1/2-1/2"]
[WhiteElo "1809"]
[BlackElo "1744"]
[PlyCount "27"]
[EventDate "2015.??.??"]
[WhiteTeam "SF Oeffingen e.V."]
[BlackTeam "SF Deizisau"]

1. e4 c5 2. b3 Nf6 3. e5 Nd5 4. Qf3 e6 5. Bb2 Nc6 6. Qg3 g6 7. f4 Bg7 8. Nc3
O-O 9. Nf3 Ncb4 10. O-O-O Nxc3 11. dxc3 Nxa2+ 12. Kb1 Qa5 13. Ng5 d5 14. h4
1/2-1/2